000 00451nam a2200145Ia 4500
041 _aKurdish
082 _a217,9 cut-945 ئ
100 _a20260118u\\\\\\\\\\\y0engy0103\\\\ba
100 _aد.ئازاد عەلى ئیسماعیل
245 0 _aتێفکرین لێکۆڵینەوەیەکى دەروونڕۆحیى ئیسلامییە
250 _aچ1
260 _bچاپخانەیى رەنج
_aسلێمانى
_c2021
300 _a189
942 _cBk
999 _c187917
_d187917